000 01129cab a22002055a 4500
001 L153584
008 110808e20110729xxk 000 0 eng d
035 _a(Sirsi) u153584
041 0 _aeng
110 2 _aProperty Week
_91549
245 0 0 _aOffices sector stars in the flat first half of 2011
260 _c2011
490 0 _aProperty Week
_v77(30) 29 July 2011, 34-35(2)
520 _aPropertyData's commercial investment league tables for the first half of 2011 shows the market trading at similar levels to the start of 2010. Transactions totalled £17bn for the six-month period with the office sector the leader and industrial and retail losing ground. Jones Lang LaSalle with £3bn of investment deals even before its merger with King Sturge is the clear winner. Tables cover the top 20 agencies in all property, office, industrial and retail categories for H1 2011 and H1 2010 for comparison.
590 _aKA
651 4 _aUnited Kingdom
_y
690 _aPROPERTY-COMMERCIAL PROPERTY-COMMERCIAL PROPERTY MARKET
690 _aPROPERTY-COMMERCIAL PROPERTY-COMMERCIAL PROPERTY FINANCE AND INVESTMENT
942 _n0
999 _c83324
_d83324